| 000 | 00340nam a22001337a 4500 | ||
|---|---|---|---|
| 020 | _a0-9617357-2-4 | ||
| 082 |
_a823 _bLAU/P |
||
| 100 | _aLAURGAARD, RACHEL K | ||
| 245 |
_aPATTY REED'S DOLL _bTHE STORY OF THE DONNER PARTY |
||
| 260 |
_aCALIFORNIA _bTOMATO ENTERPRISES _c1989 |
||
| 300 | _a143 | ||
| 650 |
_aNOVEL _zUNITED STATES |
||
| 942 | _cBK | ||
| 999 |
_c3481 _d3481 |
||